Normal view
MARC view
- Turner, Paul S , Wunnicke, Diane B
Entry Personal Name
001 - CONTROL NUMBER
- control field: 64997
003 - CONTROL NUMBER IDENTIFIER
- control field: NUST
005 - DATE AND TIME OF LATEST TRANSACTION
- control field: 20210628203350.0
008 - FIXED-LENGTH DATA ELEMENTS
- fixed length control field: 210628|| aca||aabn | a|a d
040 ## - CATALOGING SOURCE
- Original cataloging agency: NUST
- Transcribing agency: NUST
100 ## - HEADING--PERSONAL NAME
- Personal name: Turner, Paul S , Wunnicke, Diane B
670 ## - SOURCE DATA FOUND
- Source citation: Work cat.: (NUST): Turner, Paul S , Wunnicke, Diane B, Managing the risks of payment systems, 2003
